Automatická detekcia zmeny smeru pohybu hráčov futbalu využitím GPS dát a metód strojového učenia
Saved in:
| Main Author: | |
|---|---|
| Other Authors: | |
| Format: | Manuscript Book |
| Language: | Slovak |
| Published: |
2024
|
| Subjects: | |
| Online Access: | http://is.stuba.sk/zp/portal_zp.pl?podrobnosti=177066 |
| Tags: |
No Tags, Be the first to tag this record!
|
MARC
| LEADER | 00000ntm a22000003a 4500 | ||
|---|---|---|---|
| 001 | stuzp100114 | ||
| 003 | SK-STU | ||
| 005 | 20240608213347.1 | ||
| 007 | ta | ||
| 008 | 150427s2015----xo-----f-mn---000-0-slo-d | ||
| 040 | |a STU |b slo | ||
| 041 | 0 | |a slo | |
| 100 | 1 | |a Dubovský, Andrej |u 070200 |4 aut |U FIIT Fakulta informatiky a informačných technológií |T FIIT Ústav informatiky, informačných systémov a softvérového inžinierstva |X 102902 |U I200 |Y 179 |7 102902 | |
| 242 | 0 | 1 | |a Automatic detection of changes in the direction of movement of football players using GPS data and machine learning methods |y eng |
| 245 | 1 | 0 | |a Automatická detekcia zmeny smeru pohybu hráčov futbalu využitím GPS dát a metód strojového učenia |
| 260 | |c 2024 | ||
| 650 | 4 | |a metódy strojového učenia |2 slo | |
| 650 | 4 | |a detekcia zmeny v smeru pohybu |2 slo | |
| 650 | 4 | |a monitorovanie pohybu v športe |2 slo | |
| 650 | 4 | |a detection of changes in the direction of movement |2 eng | |
| 650 | 4 | |a movement monitoring in sport |2 eng | |
| 650 | 4 | |a machine learning methods |2 eng | |
| 700 | 1 | |a Czanner, Gabriela |u 070200 |k Z8 |4 ths |U FIIT Fakulta informatiky a informačných technológií |T FIIT Ústav informatiky, informačných systémov a softvérového inžinierstva |X 111924 |U I200 |Y 179 |7 111924 | |
| 856 | 4 | |u http://is.stuba.sk/zp/portal_zp.pl?podrobnosti=177066 | |